| 000 | 01395cam a22003133a 4500 | ||
|---|---|---|---|
| 001 | 2254 | ||
| 005 | 20231114081509.0 | ||
| 020 | _a0590629786 | ||
| 020 | _a9780545291521 | ||
| 040 |
_aOCO _cOCO _dECL _dOCL _dOCLCQ _dDLC _beng |
||
| 050 | 0 | 0 | _aPZ7.A6484 |
| 082 | _a813.54 | ||
| 100 | 1 | _aApplegate, Katherine | |
| 245 | 1 | 4 |
_aThe visitor / _cK.A. Applegate |
| 250 | _aThis edition first printing, May 2011 | ||
| 260 |
_aNew York : _bScholastic, _c1996 |
||
| 300 |
_a175 pages : _c19 cm |
||
| 490 | 1 |
_aAnimorphs ; _v#02 |
|
| 500 | _a"An Apple paperback." | ||
| 505 | _aK | ||
| 520 | _aRachel is still reeling from the news that the Earth is secretly under attack by parasitic aliens known as the Yeerks. And that she and her friends-five kids who, purely by chance, stumbled onto a downed spacecraft and were given the power to morph into any animal they touch-are the planet's only defense. But Rachel's always been something of a daredevil. So when it's suggested that they infiltrate the home of their assistant principal, Mr. Chapman, who also happens to be a human host of the Yeerks, she volunteers. But what she finds inside may be more than even she can handle. | ||
| 521 |
_a530 _bLexile |
||
| 521 |
_aK _bRaz-Plus |
||
| 650 | _acat | ||
| 650 | _afeline | ||
| 655 | 7 |
_aYoung adult fiction. _2lcsh |
|
| 906 |
_a7 _bcbc _ccopycat _d2 _encip _f19 _gy-genrareb |
||
| 942 |
_2ddc _cBK _n0 |
||
| 999 |
_c2254 _d2254 |
||